[Event "New York Marshall Fall IM"]
[Site "New York"]
[Date "2019.11.17"]
[Round "8"]
[White "Nestorovic, Nikola"]
[Black "Pozo Vera, Sandro"]
[Result "1-0"]
[WhiteElo "2469"]
[BlackElo "2414"]
[PlyCount "69"]
[EventDate "2019.11.14"]
[EventType "tourn"]
[EventRounds "9"]
[EventCountry "USA"]
[EventCategory "3"]
[SourceTitle "CBM 193 Extra"]
[Source "ChessBase"]
[SourceDate "2020.01.31"]
[SourceVersion "1"]
[SourceVersionDate "2020.01.31"]
[SourceQuality "1"]

1. e4 e6 2. d4 d5 3. Nc3 Bb4 4. e5 Ne7 5. a3 Bxc3+ 6. bxc3 c5 7. h4 Qc7 8. h5 h6 9. Bd2 Nbc6 10. Qg4 Nf5 11. Nf3 0-0 12. Qf4 cxd4 13. g4 Nfe7 14. g5 hxg5 15. Qxg5 Nf5 16. h6 Nxe5 17. Nxd4 Ng6 18. hxg7 Qe5+ 19. Be2 Qxg7 20. Nxf5 exf5 21. 0-0-0 d4 22. Bc4 Re8 23. cxd4 Be6 24. Bxe6 Rxe6 25. Bc3 Rd6 26. Rd3 Rd5 27. Rf3 Rc8 28. Bb2 Nf8 29. Qh5 Ng6 30. Qg5 Nf8 31. Qe7 Rd7 32. Qb4 Rdc7 33. d5 Qg5+ 34. Kb1 Ng6 35. Rg3 1-0

[Event "New York Marshall Fall IM"]
[Site "New York"]
[Date "2019.11.16"]
[Round "6"]
[White "Liang, Jason"]
[Black "Pozo Vera, Sandro"]
[Result "0-1"]
[WhiteElo "2296"]
[BlackElo "2414"]
[PlyCount "112"]
[EventDate "2019.11.14"]
[EventType "tourn"]
[EventRounds "9"]
[EventCountry "USA"]
[EventCategory "3"]
[SourceTitle "CBM 193 Extra"]
[Source "ChessBase"]
[SourceDate "2020.01.31"]
[SourceVersion "1"]
[SourceVersionDate "2020.01.31"]
[SourceQuality "1"]

1. e4 e6 2. d4 d5 3. Nc3 Bb4 4. e5 Ne7 5. a3 Bxc3+ 6. bxc3 c5 7. Qg4 Kf8 8. a4 Qc7 9. Kd1 b6 10. h4 Ba6 11. Bxa6 Nxa6 12. Qe2 Nb8 13. Rh3 Nbc6 14. Nf3 h6 15. h5 Rc8 16. Ba3 Na5 17. Nh4 cxd4 18. cxd4 Qc4 19. Rd3 Ke8 20. Bb2 Nec6 21. Nf3 Nb4 22. Rc3 Qxe2+ 23. Kxe2 Nc4 24. Nd2 Kd7 25. Nxc4 Rxc4 26. Rxc4 dxc4 27. Rh1 Nd5 28. Rh4 g5 29. Rh1 a6 30. Kf3 Rc8 31. Ba3 Kc6 32. Ra1 Ra8 33. Bc1 Rd8 34. g3 a5 35. Be3 Ra8 36. Bd2 b5 37. axb5+ Kxb5 38. Ke4 c3 39. Bc1 Nb4 40. f4 gxf4 41. Bxf4 a4 42. Ra3 Kc4 43. Ra1 Nxc2 44. Rc1 Nxd4 45. Re1 a3 46. Bxh6 a2 47. Rd1 Nf5 48. Bf4 a1Q 49. Rxa1 Rxa1 50. g4 Re1+ 51. Kf3 Rf1+ 52. Ke4 Rxf4+ 53. Kxf4 c2 54. gxf5 c1Q+ 55. Kg4 exf5+ 56. Kxf5 Qh6 0-1

[Event "New York Marshall Fall IM"]
[Site "New York"]
[Date "2019.11.14"]
[Round "1"]
[White "Pozo Vera, Sandro"]
[Black "Lund, Silas Esben"]
[Result "1/2-1/2"]
[WhiteElo "2414"]
[BlackElo "2340"]
[PlyCount "53"]
[EventDate "2019.11.14"]
[EventType "tourn"]
[EventRounds "9"]
[EventCountry "USA"]
[EventCategory "3"]
[SourceTitle "CBM 193 Extra"]
[Source "ChessBase"]
[SourceDate "2020.01.31"]
[SourceVersion "1"]
[SourceVersionDate "2020.01.31"]
[SourceQuality "1"]

1. d4 d5 2. c4 e6 3. Nf3 c6 4. Nc3 Nf6 5. Bg5 Nbd7 6. e3 Qa5 7. cxd5 exd5 8. Nd2 Be7 9. Bd3 0-0 10. 0-0 Re8 11. Qc2 Nf8 12. h3 g6 13. Bf4 Ne6 14. Be5 Ng7 15. Rab1 Nd7 16. Bh2 Nf8 17. a3 Bf5 18. b4 Qd8 19. Rfc1 Bxd3 20. Qxd3 Nf5 21. a4 a6 22. b5 axb5 23. axb5 Bd6 24. Bxd6 Qxd6 25. bxc6 bxc6 26. e4 Ne7 27. exd5 1/2-1/2

[Event "New York Int op 11th"]
[Site "New York"]
[Date "2018.06.16"]
[Round "6"]
[White "Magallanes, Rey Jomar"]
[Black "Pozo Vera, Sandro"]
[Result "0-1"]
[WhiteElo "2101"]
[BlackElo "2431"]
[PlyCount "64"]
[EventDate "2018.06.13"]
[EventType "swiss"]
[EventRounds "9"]
[EventCountry "USA"]
[SourceTitle "CBM 185 Extra"]
[Source "ChessBase"]
[SourceDate "2018.07.29"]
[SourceVersion "1"]
[SourceVersionDate "2018.07.29"]
[SourceQuality "1"]

1. d4 d5 2. Nf3 Nf6 3. c4 c6 4. g3 g6 5. Bg2 Bg7 6. 0-0 0-0 7. b3 Ne4 8. Bb2 a5 9. cxd5 cxd5 10. Ne5 Nd7 11. Nd3 a4 12. e3 h5 13. bxa4 Qa5 14. Qb3 Ndf6 15. Rc1 Bf5 16. Nc5 Rfc8 17. Bc3 Nxc5 18. dxc5 Qxc5 19. Nd2 Qd6 20. Nf3 Rc4 21. Be5 Qc6 22. Rxc4 dxc4 23. Qb5 Be4 24. Nd4 Qxb5 25. axb5 Bxg2 26. Kxg2 Nd5 27. Bxg7 Kxg7 28. a4 e5 29. Nc2 Nc3 30. Kf3 e4+ 31. Kf4 Kf6 32. h4 Re8 0-1

[Event "New York Int op 11th"]
[Site "New York"]
[Date "2018.06.15"]
[Round "4"]
[White "Jacobson, Brandon"]
[Black "Pozo Vera, Sandro"]
[Result "1-0"]
[WhiteElo "2303"]
[BlackElo "2431"]
[PlyCount "26"]
[EventDate "2018.06.13"]
[EventType "swiss"]
[EventRounds "9"]
[EventCountry "USA"]
[SourceTitle "CBM 185 Extra"]
[Source "ChessBase"]
[SourceDate "2018.07.29"]
[SourceVersion "1"]
[SourceVersionDate "2018.07.29"]
[SourceQuality "1"]

1. d4 d5 2. c4 c6 3. Nf3 Nf6 4. e3 Bf5 5. Nc3 a6 6. Qb3 Ra7 7. Nh4 Bc8 8. Be2 e6 9. Nf3 Nbd7 10. Qc2 b5 11. b3 Be7 12. 0-0 0-0 13. Bb2 Bb7 1-0

[Event "PRO League Stage"]
[Site "Chess.com INT"]
[Date "2017.02.15"]
[Round "6"]
[White "Pozo Vera, Sandro"]
[Black "Hansen, Eric"]
[Result "0-1"]
[WhiteElo "2428"]
[BlackElo "2603"]
[PlyCount "126"]
[EventDate "2017.01.11"]
[EventType "team-swiss (rapid)"]
[EventRounds "7"]
[EventCountry "USA"]
[SourceTitle "CBM 176 Extra"]
[Source "ChessBase"]
[SourceDate "2017.03.02"]
[SourceVersion "1"]
[SourceVersionDate "2017.03.02"]
[SourceQuality "1"]
[WhiteTeam "Miami Champions"]
[BlackTeam "Montreal ChessBrahs"]
[WhiteTeamCountry "UAE"]
[BlackTeamCountry "CAN"]

1. d4 Nf6 2. c4 e6 3. Nf3 b6 4. a3 Bb7 5. Nc3 g6 6. d5 exd5 7. cxd5 Bg7 8. Bf4 0-0 9. e3 Re8 10. Rc1 c6 11. d6 h6 12. h3 c5 13. Bc4 Ne4 14. 0-0 Nxc3 15. bxc3 Qf6 16. Nh2 g5 17. Bg3 Qg6 18. Nf3 Nc6 19. Bd5 Na5 20. Bxb7 Nxb7 21. Qd5 Na5 22. Nd2 Qe6 23. Qf3 Nc6 24. Rfd1 f5 25. Bh2 Qf7 26. g4 Rf8 27. gxf5 Qxf5 28. Qxf5 Rxf5 29. Bg3 Re8 30. Kg2 h5 31. e4 Rf7 32. f3 Bh6 33. Rc2 g4 34. hxg4 hxg4 35. fxg4 Bxd2 36. Rcxd2 Rxe4 37. g5 Rg4 38. Rd5 Rg7 39. Re1 R4xg5 40. Rxg5 Rxg5 41. Re8+ Kf7 42. Re4 Rd5 43. Rf4+ Kg6 44. Rg4+ Rg5 45. Re4 Kf5 46. Rf4+ Ke6 47. Re4+ Kd5 48. Re8 Kc4 49. Rc8 Rg7 50. Kf3 Kxc3 51. Rxc6 Rf7+ 52. Ke4 dxc6 53. Bh4 Rb7 54. Ke5 Kb3 55. Ke6 Kxa3 56. Bd8 Rh7 57. Bf6 Kb3 58. d7 Rxd7 59. Kxd7 c4 60. Kxc6 c3 61. Kb7 c2 62. Bg5 a5 63. Kxb6 a4 0-1

[Event "PRO League Stage"]
[Site "Chess.com INT"]
[Date "2017.02.11"]
[Round "5"]
[White "Van Wely, Loek"]
[Black "Pozo Vera, Sandro"]
[Result "1-0"]
[WhiteElo "2695"]
[BlackElo "2428"]
[PlyCount "63"]
[EventDate "2017.01.11"]
[EventType "team-swiss (rapid)"]
[EventRounds "7"]
[EventCountry "USA"]
[SourceTitle "CBM 176 Extra"]
[Source "ChessBase"]
[SourceDate "2017.03.02"]
[SourceVersion "1"]
[SourceVersionDate "2017.03.02"]
[SourceQuality "1"]
[WhiteTeam "Amsterdam Mosquitos"]
[BlackTeam "Miami Champions"]
[WhiteTeamCountry "NED"]
[BlackTeamCountry "UAE"]

1. Nf3 d5 2. g3 g6 3. c4 c6 4. Bg2 Bg7 5. d4 Nf6 6. 0-0 0-0 7. cxd5 cxd5 8. Nc3 Ne4 9. Ne5 Nxc3 10. bxc3 Nc6 11. Nxc6 bxc6 12. e4 dxe4 13. Bxe4 Bh3 14. Re1 e5 15. Ba3 exd4 16. Bxf8 Qxf8 17. cxd4 Rd8 18. Qf3 h5 19. Bxc6 Bxd4 20. Rab1 Bg4 21. Qf4 Be6 22. Rbd1 Qc5 23. Ba4 g5 24. Qd2 Bg4 25. Rc1 Qf5 26. Re8+ Rxe8 27. Bxe8 Bb6 28. Bc6 h4 29. Re1 Ba5 30. Re8+ Kg7 31. Qd4+ f6 32. Qxa7+ 1-0

[Event "PRO League Stage"]
[Site "Chess.com INT"]
[Date "2017.02.11"]
[Round "5"]
[White "Van der Lende, Ilias"]
[Black "Pozo Vera, Sandro"]
[Result "0-1"]
[WhiteElo "2315"]
[BlackElo "2428"]
[PlyCount "60"]
[EventDate "2017.01.11"]
[EventType "team-swiss (rapid)"]
[EventRounds "7"]
[EventCountry "USA"]
[SourceTitle "CBM 176 Extra"]
[Source "ChessBase"]
[SourceDate "2017.03.02"]
[SourceVersion "1"]
[SourceVersionDate "2017.03.02"]
[SourceQuality "1"]
[WhiteTeam "Amsterdam Mosquitos"]
[BlackTeam "Miami Champions"]
[WhiteTeamCountry "NED"]
[BlackTeamCountry "UAE"]

1. e4 e6 2. d4 d5 3. Nd2 Ne7 4. Ngf3 Ng6 5. h4 h5 6. c3 c5 7. e5 Nc6 8. Bd3 Nf4 9. Bf1 Ng6 10. Bd3 Nf4 11. Bf1 cxd4 12. Nb3 Ng6 13. cxd4 Bb4+ 14. Bd2 Qb6 15. Bxb4 Qxb4+ 16. Qd2 Bd7 17. g3 f6 18. Bd3 Nge7 19. exf6 gxf6 20. 0-0-0 Qxd2+ 21. Rxd2 e5 22. dxe5 fxe5 23. Bb5 Rc8 24. Kb1 Bf5+ 25. Ka1 Be4 26. Be2 0-0 27. Nc5 Bxf3 28. Bxf3 Rxf3 29. Nxb7 Rcf8 30. Rf1 e4 0-1

[Event "PRO League Atlantic"]
[Site "Chess.com INT"]
[Date "2017.02.01"]
[Round "4"]
[White "Pozo Vera, Sandro"]
[Black "Baker, Vincent J"]
[Result "1-0"]
[WhiteElo "2428"]
[BlackElo "1960"]
[PlyCount "73"]
[EventDate "2017.01.11"]
[EventType "team-swiss (rapid)"]
[EventRounds "7"]
[EventCountry "USA"]
[SourceTitle "CBM 176 Extra"]
[Source "ChessBase"]
[SourceDate "2017.03.02"]
[SourceVersion "1"]
[SourceVersionDate "2017.03.02"]
[SourceQuality "1"]
[WhiteTeam "Miami Champions"]
[BlackTeam "Columbus Cardinals"]
[WhiteTeamCountry "UAE"]
[BlackTeamCountry "USA"]

1. d4 Nf6 2. c4 e6 3. Nf3 Bb4+ 4. Bd2 a5 5. g3 b6 6. Bg2 Bb7 7. 0-0 0-0 8. Bg5 h6 9. Bxf6 Qxf6 10. a3 Be7 11. Nc3 d6 12. d5 Nd7 13. Nd4 Ne5 14. b3 Rab8 15. Ncb5 exd5 16. cxd5 Bd8 17. Rc1 Qe7 18. Qd2 Qd7 19. a4 f5 20. Ne6 Rf7 21. Nbxc7 Bxc7 22. Rxc7 Qxc7 23. Nxc7 Rxc7 24. Rc1 Rbc8 25. Rxc7 Rxc7 26. h3 Ba6 27. f4 Nd7 28. Qe3 Nc5 29. Qe8+ Kh7 30. Qf8 Bxe2 31. Qxf5+ Kg8 32. Qg6 Re7 33. Qxd6 Kf8 34. Qd8+ Re8 35. Qxb6 Nd3 36. d6 Bd1 37. d7 1-0

[Event "Philadelphia op 10th"]
[Site "Philadelphia"]
[Date "2016.03.25"]
[Round "5"]
[White "Pozo Vera, Sandro"]
[Black "Balakrishnan, Praveen"]
[Result "1/2-1/2"]
[WhiteElo "2439"]
[BlackElo "2377"]
[PlyCount "49"]
[EventDate "2016.03.23"]
[EventType "swiss"]
[EventRounds "9"]
[EventCountry "USA"]
[SourceTitle "CBM 171 Extra"]
[Source "ChessBase"]
[SourceDate "2016.04.26"]
[SourceVersion "1"]
[SourceVersionDate "2016.04.26"]
[SourceQuality "1"]

1. d4 Nf6 2. c4 e6 3. Nf3 d5 4. Nc3 Bb4 5. e3 0-0 6. Bd3 c5 7. 0-0 cxd4 8. exd4 dxc4 9. Bxc4 a6 10. Bg5 b5 11. Bb3 Bb7 12. Qd3 Be7 13. Rad1 b4 14. Bxf6 Bxf6 15. Ne4 Bd5 16. Nxf6+ gxf6 17. Rc1 Nc6 18. Bxd5 Qxd5 19. Rc5 Qd7 20. Rfc1 Ne7 21. Rh5 Ng6 22. Qe3 Rfc8 23. Re1 Qd6 24. g3 Qf8 25. Rc5 1/2-1/2

[Event "Guillermo Garcia Memorial-B 24th"]
[Site "Santa Clara"]
[Date "2015.06.05"]
[Round "3"]
[White "Gallego Alcaraz, Andres Felipe"]
[Black "Pozo Vera, Sandro"]
[Result "0-1"]
[WhiteElo "2432"]
[BlackElo "2421"]
[PlyCount "118"]
[EventDate "2015.06.03"]
[EventType "tourn"]
[EventRounds "9"]
[EventCountry "CUB"]
[EventCategory "6"]
[SourceTitle "CBM 167 Extra"]
[Source "ChessBase"]
[SourceDate "2015.09.14"]
[SourceVersion "1"]
[SourceVersionDate "2015.09.14"]
[SourceQuality "1"]

1. d4 Nf6 2. c4 e6 3. Nf3 Bb4+ 4. Nbd2 d5 5. Qa4+ Nc6 6. e3 0-0 7. a3 Be7 8. Bd3 a5 9. b4 dxc4 10. Bxc4 Bd7 11. b5 Na7 12. Ne5 Be8 13. Qb3 a4 14. Qxa4 Nxb5 15. Qb3 Nd6 16. Bd3 Ba4 17. Qb1 c6 18. 0-0 Bb5 19. Nb3 Bxd3 20. Qxd3 Nd7 21. Nxd7 Qxd7 22. a4 b5 23. e4 Nc4 24. axb5 cxb5 25. Rb1 Rfd8 26. Rd1 Ra2 27. Qg3 Kh8 28. Qf3 Kg8 29. Bf4 Ra3 30. Qe2 Bf8 31. Bc1 Raa8 32. Rd3 e5 33. d5 f5 34. Bg5 Re8 35. f3 f4 36. Bh4 Bd6 37. Bf2 Rec8 38. Rdd1 Ra3 39. Rdc1 h6 40. h3 Rc7 41. Rc2 Qc8 42. Nc1 Qa6 43. Nd3 Ra1 44. Rcc1 Ra2 45. Qe1 Qa3 46. Rc3 Qa5 47. Rcb3 Qxe1+ 48. Rxe1 Na3 49. Nc1 Rd2 50. Nd3 Rcc2 51. Ra1 b4 52. Rf1 Rc3 53. Nc1 Nc4 54. Rb1 Na3 55. Rb3 Rdc2 56. Rxc3 bxc3 57. Nb3 Rb2 58. Bc5 Rxb3 59. Bxd6 Nc4 0-1

[Event "Carlos Torre Memorial op 26th"]
[Site "Merida"]
[Date "2014.12.22"]
[Round "9"]
[White "Nogueiras Santiago, Jesus"]
[Black "Pozo Vera, Sandro"]
[Result "1-0"]
[WhiteElo "2502"]
[BlackElo "2431"]
[PlyCount "46"]
[EventDate "2014.12.18"]
[EventType "swiss"]
[EventRounds "9"]
[EventCountry "MEX"]
[SourceTitle "CBM 164 Extra"]
[Source "ChessBase"]
[SourceDate "2015.03.02"]
[SourceVersion "1"]
[SourceVersionDate "2015.03.02"]
[SourceQuality "1"]

1. d4 e6 2. Nf3 Nf6 3. Bg5 h6 4. Bxf6 Qxf6 5. e4 d6 6. c3 g5 7. Be2 Bg7 8. 0-0 Qe7 9. Nbd2 Nd7 10. a4 g4 11. Ne1 h5 12. f4 c5 13. e5 d5 14. Nc2 f5 15. c4 Nb6 16. a5 Nxc4 17. Nxc4 dxc4 18. Bxc4 Bd7 19. d5 exd5 20. Bxd5 Rb8 21. Ne3 Rh6 22. Qc2 Qf8 23. Rfe1 Bc8 1-0

[Event "Bogota University op 8th"]
[Site "Bogota"]
[Date "2014.10.12"]
[Round "7"]
[White "Pozo Vera, Sandro"]
[Black "Becerra, Juan David"]
[Result "1-0"]
[WhiteElo "2430"]
[BlackElo "2155"]
[PlyCount "101"]
[EventDate "2014.10.09"]
[EventType "swiss"]
[EventRounds "9"]
[EventCountry "COL"]
[SourceTitle "EXT 2015"]
[Source "ChessBase"]
[SourceDate "2014.11.20"]
[SourceVersion "1"]
[SourceVersionDate "2014.11.20"]
[SourceQuality "1"]

1. Nf3 d5 2. c4 e6 3. g3 Nf6 4. Bg2 c6 5. 0-0 Nbd7 6. d4 Bd6 7. Nc3 0-0 8. Nd2 dxc4 9. Nxc4 Bc7 10. e4 e5 11. d5 Nb6 12. b3 Nxc4 13. bxc4 Bb6 14. Ba3 Re8 15. c5 Ba5 16. Rc1 Bxc3 17. Rxc3 cxd5 18. exd5 e4 19. d6 Bd7 20. Qd4 Bc6 21. Bb2 Nd7 22. f3 Qf6 23. Re3 exf3 24. Qxf6 gxf6 25. Rxe8+ Rxe8 26. Bxf3 Bxf3 27. Rxf3 Nxc5 28. Bxf6 Re1+ 29. Kg2 Nd7 30. Be7 f6 31. Bxf6 Nxf6 32. Rxf6 Kg7 33. Rf4 Rd1 34. Rb4 b6 35. Rc4 a5 36. Rc7+ Kf6 37. Rxh7 Rd2+ 38. Kh3 Rxa2 39. d7 Rd2 40. Rh6+ Ke7 41. Rxb6 Kxd7 42. Ra6 Ra2 43. g4 a4 44. g5 Ke7 45. Kg3 a3 46. h4 Ra1 47. Kg4 a2 48. Kh5 Kf8 49. Ra7 Ke8 50. g6 Kf8 51. Kh6 1-0

[Event "Bogota University op 8th"]
[Site "Bogota"]
[Date "2014.10.12"]
[Round "8"]
[White "Torres, Juan Camilo"]
[Black "Pozo Vera, Sandro"]
[Result "1/2-1/2"]
[WhiteElo "2337"]
[BlackElo "2430"]
[PlyCount "46"]
[EventDate "2014.10.09"]
[EventType "swiss"]
[EventRounds "9"]
[EventCountry "COL"]
[SourceTitle "EXT 2015"]
[Source "ChessBase"]
[SourceDate "2014.11.20"]
[SourceVersion "1"]
[SourceVersionDate "2014.11.20"]
[SourceQuality "1"]

1. d4 Nf6 2. Nf3 b6 3. g3 Bb7 4. Bg2 g6 5. c4 Bg7 6. 0-0 0-0 7. Qc2 Be4 8. Qa4 e6 9. Nc3 Bb7 10. Rd1 Ne4 11. Bd2 d6 12. Be1 Qe7 13. Rac1 Nd7 14. Nxe4 Bxe4 15. c5 dxc5 16. Ne5 Bxg2 17. Nxd7 Rfd8 18. dxc5 b5 19. Qxb5 c6 20. Qa4 Bh3 21. Qxc6 e5 22. Qb7 Rab8 23. Qxa7 Ra8 1/2-1/2

[Event "Bogota University op 8th"]
[Site "Bogota"]
[Date "2014.10.10"]
[Round "3"]
[White "Pozo Vera, Sandro"]
[Black "Uribe Valencia, Victor Alexis"]
[Result "1-0"]
[WhiteElo "2430"]
[BlackElo "1894"]
[PlyCount "103"]
[EventDate "2014.10.09"]
[EventType "swiss"]
[EventRounds "9"]
[EventCountry "COL"]
[SourceTitle "EXT 2015"]
[Source "ChessBase"]
[SourceDate "2014.11.20"]
[SourceVersion "1"]
[SourceVersionDate "2014.11.20"]
[SourceQuality "1"]

1. Nf3 Nf6 2. c4 d5 3. cxd5 Nxd5 4. e4 Nf6 5. Nc3 c5 6. Bc4 e6 7. d4 cxd4 8. Nxd4 Bb4 9. Qa4+ Nc6 10. Nxc6 Bxc3+ 11. bxc3 bxc6 12. Ba3 Qb6 13. Bd3 Bd7 14. Rb1 c5 15. Qc4 Qc7 16. Qxc5 Qxc5 17. Bxc5 Bc6 18. f3 Kd7 19. Ke2 Kc7 20. Bd4 Nd7 21. Rb4 e5 22. Be3 a5 23. Rb2 Rhb8 24. Rhb1 Rxb2+ 25. Rxb2 Rb8 26. Rxb8 Kxb8 27. c4 Kc7 28. c5 Ba4 29. Bc4 f6 30. Kd3 Nb8 31. g3 Kc6 32. Kc3 Bd1 33. f4 h6 34. Kd2 Ba4 35. h4 Bb5 36. Bd5+ Kc7 37. g4 Nc6 38. f5 Ne7 39. Bb3 Nc6 40. Be6 Nd4 41. Bxd4 exd4 42. Bd5 Kd7 43. Kc2 d3+ 44. Kd2 a4 45. Ke3 a3 46. e5 fxe5 47. g5 Ke7 48. c6 Kd6 49. f6 d2 50. Kxd2 gxf6 51. gxh6 Kxd5 52. c7 1-0

[Event "Capablanca Memorial op-A 48th"]
[Site "Havana"]
[Date "2013.04.30"]
[Round "9"]
[White "Pozo Vera, Sandro"]
[Black "Fuentes Dominguez, Felix"]
[Result "1/2-1/2"]
[WhiteElo "2485"]
[BlackElo "2293"]
[PlyCount "51"]
[EventDate "2013.04.21"]
[EventType "swiss"]
[EventRounds "10"]
[EventCountry "CUB"]
[SourceTitle "CBM 154 Extra"]
[Source "ChessBase"]
[SourceDate "2013.06.25"]
[SourceVersion "2"]
[SourceVersionDate "2013.06.25"]
[SourceQuality "1"]

1. d4 Nf6 2. c4 g6 3. Nf3 c5 4. g3 cxd4 5. Nxd4 Bg7 6. Bg2 0-0 7. 0-0 Nc6 8. Nc2 d6 9. Nc3 Be6 10. b3 Qd7 11. Re1 Rab8 12. Bb2 Rfc8 13. Rb1 Ne8 14. Ne3 Bh3 15. Bh1 h5 16. Ned5 Bf5 17. Rc1 Qd8 18. Qd2 Be6 19. Nf4 Bd7 20. Red1 Ne5 21. Ne4 b6 22. Nd5 Bc6 23. f4 Bxd5 24. cxd5 Ng4 25. Bxg7 Nxg7 26. h3 1/2-1/2

[Event "Bogota Semana Santa op"]
[Site "Bogota"]
[Date "2012.04.08"]
[Round "9"]
[White "Santos Morales, Natalia Andrea"]
[Black "Pozo Vera, Sandro"]
[Result "0-1"]
[WhiteElo "2023"]
[BlackElo "2483"]
[PlyCount "50"]
[EventDate "2012.04.04"]
[EventType "swiss"]
[EventRounds "9"]
[EventCountry "COL"]
[SourceTitle "CBM 147 Extra"]
[Source "ChessBase"]
[SourceDate "2012.04.24"]
[SourceVersion "1"]
[SourceVersionDate "2012.04.24"]
[SourceQuality "1"]

1. e4 e6 2. d4 d5 3. exd5 exd5 4. Bd3 c5 5. dxc5 Bxc5 6. Nc3 Nf6 7. Nge2 Ng4 8. Bb5+ Nc6 9. Qxd5 Qb6 10. Qe4+ Be6 11. Nd5 Rd8 12. Nec3 Bxf2+ 13. Kf1 Rxd5 14. Nxd5 Qxb5+ 15. c4 Qc5 16. Nc7+ Kd7 17. Nxe6 fxe6 18. Qxg4 Rf8 19. Ke2 Bd4 20. Kd1 Rf2 21. Bd2 Qd6 22. Ke1 Qe5+ 23. Kd1 h5 24. Re1 hxg4 25. Rxe5 Nxe5 0-1

[Event "Bogota Semana Santa op"]
[Site "Bogota"]
[Date "2012.04.07"]
[Round "7"]
[White "Jimenez, Jose Mauricio"]
[Black "Pozo Vera, Sandro"]
[Result "0-1"]
[WhiteElo "2197"]
[BlackElo "2483"]
[PlyCount "86"]
[EventDate "2012.04.04"]
[EventType "swiss"]
[EventRounds "9"]
[EventCountry "COL"]
[SourceTitle "CBM 147 Extra"]
[Source "ChessBase"]
[SourceDate "2012.04.24"]
[SourceVersion "1"]
[SourceVersionDate "2012.04.24"]
[SourceQuality "1"]

1. d4 e6 2. Nf3 Nf6 3. g3 b5 4. Bg2 Bb7 5. 0-0 c5 6. a4 b4 7. c4 cxd4 8. Nxd4 Bxg2 9. Kxg2 Be7 10. Nd2 0-0 11. e4 Qc7 12. Qe2 d6 13. b3 Nbd7 14. Bb2 Nc5 15. Rfe1 Qb7 16. Kg1 Nfd7 17. f4 Rfe8 18. N4f3 Bf8 19. h4 Re7 20. Kh2 Rae8 21. Rad1 f5 22. e5 dxe5 23. fxe5 Rd8 24. Qe3 Ree8 25. Bd4 Qb6 26. Ng5 Nb8 27. Ndf3 Nc6 28. Bxc5 Bxc5 29. Qe2 h6 30. Rxd8 Qxd8 31. Rd1 Qc7 32. Nh3 Rd8 33. Rxd8+ Qxd8 34. Nf4 Qd7 35. Qd3 Qxd3 36. Nxd3 Be3 37. Kg2 g5 38. hxg5 hxg5 39. Nfe1 Kf7 40. Nc2 Bd2 41. Kf3 Bc3 42. g4 a5 43. Ne3 Nd4+ 0-1

[Event "Panama op 1st"]
[Site "Panama City"]
[Date "2011.11.04"]
[Round "3"]
[White "Pozo Vera, Sandro"]
[Black "Aguilar, Gustavo"]
[Result "1-0"]
[WhiteElo "2495"]
[BlackElo "2140"]
[PlyCount "53"]
[EventDate "2011.11.03"]
[EventType "swiss"]
[EventRounds "9"]
[EventCountry "PAN"]
[SourceTitle "EXT 2012"]
[Source "ChessBase"]
[SourceDate "2011.11.24"]
[SourceVersion "1"]
[SourceVersionDate "2011.11.24"]
[SourceQuality "1"]

1. d4 d5 2. c4 c6 3. Nf3 Nf6 4. e3 g6 5. Nc3 Bg7 6. h3 0-0 7. Bd3 c5 8. 0-0 Nc6 9. dxc5 dxc4 10. Bxc4 Qa5 11. Qe2 Qxc5 12. e4 e5 13. Nb5 Nh5 14. b3 Nf4 15. Qe3 Qe7 16. Ba3 Qf6 17. Bxf8 Bxf8 18. Nc7 Bh6 19. Nd5 Qg7 20. Qc5 g5 21. Ne7+ Nxe7 22. Qxe7 Bxh3 23. Nxe5 Bxg2 24. Nxf7 Bxf1 25. Nxh6+ Kh8 26. Nf7+ Kg8 27. Rxf1 1-0